000 00881nem a2200169 i 4500
001 185975
003 ES-MaACL
005 20230906222545.0
008 160831s1925 sp | | | ||spa d
130 0 _aBilbao (Vizcaya) (Término municipal).
_kDivisiones administrativas.
_f1925.
_9160650
245 1 0 _aDivisión en distritos de la I. Villa de Bilbao desde el 1º de enero de 1925 [
_hMaterial cartográfico].
255 _aEscala 1:10.000.
260 _aBilbao :
_b[s.n.],
_c1925 (
_fImp. Casa de Misericordia)
300 _a1 plano :
_bcol. ;
_c60 X 33 cm. pleg. en 20 x16 cm.
592 _aDivisión en distritos diferenciada por color.
852 _aES-MaACL
_j1680-F-24 (2)
_z.- Guardo en un sobre con otro mapa. En el sobre impreso: Excmo. Ayuntamiento de Bilbao. Contiene dos planos: 1. Plano jurisdiccional de la Villa. 2. Plano de la División en distritos. Enero de 1915
999 _c185975
_d185975